<?xml version="1.0" encoding="UTF-8"?>
<collection xmlns="http://www.loc.gov/MARC21/slim">
  <record>
    <leader>00000nam  2200000   4500</leader>
    <controlfield tag="001">INLIS000000000020270</controlfield>
    <controlfield tag="005">20250603030631</controlfield>
    <datafield tag="035" ind1="#" ind2="#">
      <subfield code="a">0010-0625000012</subfield>
    </datafield>
    <controlfield tag="007">ta</controlfield>
    <controlfield tag="008">250603################g##########0#eng##</controlfield>
    <datafield tag="020" ind1="#" ind2="#">
      <subfield code="a">0 201 00754 X</subfield>
    </datafield>
    <datafield tag="082" ind1="#" ind2="#">
      <subfield code="a">379.15</subfield>
    </datafield>
    <datafield tag="084" ind1="#" ind2="#">
      <subfield code="a">379.15 BRO s</subfield>
    </datafield>
    <datafield tag="100" ind1=" " ind2="#">
      <subfield code="a">Broadwell, Martin M.</subfield>
    </datafield>
    <datafield tag="245" ind1="1" ind2="#">
      <subfield code="a">The Survisor and On-The Job Training /</subfield>
      <subfield code="c">Martin M. Broadwell</subfield>
    </datafield>
    <datafield tag="250" ind1="#" ind2="#">
      <subfield code="a">Cetakan ke 2</subfield>
    </datafield>
    <datafield tag="260" ind1="#" ind2="#">
      <subfield code="a">Philippines :</subfield>
      <subfield code="b">Addison Wesley,</subfield>
      <subfield code="c">1975</subfield>
    </datafield>
    <datafield tag="300" ind1="#" ind2="#">
      <subfield code="a">156 halaman :</subfield>
      <subfield code="b">ilus ;</subfield>
      <subfield code="c">21 cm</subfield>
    </datafield>
    <datafield tag="650" ind1="#" ind2="4">
      <subfield code="a">Anggaran Pendidikan</subfield>
    </datafield>
    <datafield tag="520" ind1="#" ind2="#">
      <subfield code="a">The new editon of this popular training book reflects some of the changes that have occurred in the last few years in the training field. Specifically, the book has been revised to reflect more current thinking in the field of "task analysis," along with a few other modifications. There is more emphasis on the significance of training to overcome specific performance "deficiencies," as well as new insights into techniques for getting a better handle on the "evaluation" of the training we have done.&#13;
&#13;
The most noticeable change, again reflecting the times, is the addition of a new chapter entitled "Training for Upward Mobility." In the few short years since this book was first written, there has developed a greater interest in not only training people to do the job they are now asked to do, but in moving them upward in the organization through improved training methods. This chapter gives the supervisor first-hand information on the best ways to produce good results in this kind of training.</subfield>
    </datafield>
    <datafield tag="990" ind1="#" ind2="#">
      <subfield code="a">151118040</subfield>
    </datafield>
  </record>
</collection>
